[Event "Petroff Mem Open"]
[Site "St Petersburg RUS"]
[Date "2000.02.08"]
[Round "2"]
[White "Sinkevich,P"]
[Black "Zakharevich,I"]
[Result "0-1"]
[WhiteElo "2293"]
[BlackElo "2486"]

1.e4 g6 2.d4 Bg7 3.Nc3 d6 4.Nf3 Nf6 5.Be2 O-O 6.O-O Nc6 7.h3 e5 8.dxe5 dxe5
9.Bc4 h6 10.Be3 b6 11.Qc1 Kh7 12.Rd1 Qe7 13.a3 Bb7 14.b4 Nd8 15.Bd5 c6 16.Bb3 Ne6
17.Nxe5 Ng5 18.f4 Rad8 19.fxg5 Qxe5 20.gxf6 Bxf6 21.Bd2 Bc8 22.Be1 Bg5 23.Qb2 Be3+
24.Bf2 Qg3 25.Kh1 Bxf2 26.Ne2 Qh4 27.Ng1 Rxd1 28.Rxd1 Qxe4 29.Qf6 Bh4 30.Qf3 Bf5
31.Ne2 Qxf3 32.gxf3 Rd8 33.Rxd8 Bxd8 34.Nd4 Bd7 35.Kg2 Be7 36.Ba4 b5 37.Bb3 c5  0-1

[Event "Petroff Mem Open"]
[Site "St Petersburg RUS"]
[Date "2000.02.09"]
[Round "3"]
[White "Kalygin,S"]
[Black "Chepukaitis,G"]
[Result "0-1"]
[WhiteElo "2497"]
[BlackElo "2393"]

1.e4 g6 2.d4 Bg7 3.Nc3 d6 4.Be3 a6 5.a4 Nd7 6.f4 e6 7.Nf3 Ne7 8.Bd3 b6 9.O-O f5
10.e5 Bb7 11.Qe2 h6 12.h3 O-O 13.exd6 cxd6 14.Bf2 e5 15.dxe5 Bxf3 16.gxf3 dxe5
17.Bxa6 Nc5 18.Bc4+ Kh7 19.b4 Nd7 20.Rad1 Nc6 21.Bd5 Rc8 22.Bxc6 Rxc6 23.Nd5 exf4
24.Nxf4 Re8 25.Qd2 Qg5+ 26.Kh1 Ne5 27.h4 Qe7 28.Nd5 Qb7 29.Bg3 Nc4 30.Qg2 Rce6
31.Bf2 Qf7 32.Nf4 Rf6 33.Rfe1 Rxe1+ 34.Rxe1 Rd6 35.Nd3 Qd7 36.f4 Qxa4 37.Bg1 Qd7
38.Re2 Qd8 39.Bf2 b5 40.Kh2 Bf6 41.Qh3 h5 42.Qg3 Rd5 43.Kh3 Nd6 44.Nc5 Ne4
45.Nxe4 fxe4 46.Qg2 e3 47.Bxe3 Qd7+ 48.Kh2 Bxh4 49.Qe4 Bf6 50.Rg2 Qf5 51.Qe8 Bg7
52.Qe7 Rd1 53.Qg5 Qe4 54.Qg3 Rf1 55.Bd2 Rf3 56.Qg5 Bh6 57.Qe5 Bxf4+ 58.Bxf4 Qxf4+
59.Qxf4 Rxf4 60.c3 Rc4 61.Rg5 Rxc3 62.Rxb5 Rb3 63.Rb8 Kh6 64.b5 Kg5 65.b6 Kg4
66.b7 Rb2+ 67.Kg1 g5 68.Ra8 Rxb7 69.Ra4+ Kh3 70.Ra3+ Kh4 71.Kg2 Rb2+ 72.Kg1 g4
73.Rc3 g3 74.Rc5 Kg4 75.Kh1 Kh4 76.Kg1 Kg4  0-1

[Event "Goodricke Open"]
[Site "Calcutta IND"]
[Date "2000.02.12"]
[Round "7"]
[White "Chandanani,G"]
[Black "Roktim,B"]
[Result "1-0"]
[WhiteElo "2153"]
[BlackElo "2293"]

1.e4 g6 2.d4 Bg7 3.Nc3 d6 4.Be3 a6 5.Qd2 b5 6.Bd3 Bb7 7.Nf3 Nd7 8.a4 b4 9.Ne2 Rb8
10.Ng3 c5 11.c3 bxc3 12.bxc3 Qa5 13.O-O Ngf6 14.Rfe1 Ng4 15.Bg5 h6 16.Bf4 e5
17.dxe5 dxe5 18.Be3 O-O 19.h3 Nxe3 20.Qxe3 c4 21.Bxc4 Nc5 22.Nd2 Qc7 23.a5 Kh8
24.Reb1 f5 25.Qe2 Rbd8 26.Rb6 f4 27.Ngf1 Rf6 28.Rab1 Rdd6 29.Ba2 Bc8 30.Rb8 Kh7
31.Bd5 Rxd5 32.exd5 Bf5 33.R1b6 Bd3 34.Qg4 Bf5 35.Qe2 Nd7 36.R8b7 Qd8  1-0

[Event "ch-NED (qualifier KO)"]
[Site "Rotterdam NED"]
[Date "2000.02.12"]
[Round "2.1"]
[White "De Vreugt,D"]
[Black "Carlier,B"]
[Result "1-0"]
[WhiteElo "2498"]
[BlackElo "2418"]

1.e4 g6 2.d4 Bg7 3.Nc3 d6 4.Be3 Nf6 5.Qd2 O-O 6.f3 c6 7.O-O-O b5 8.Kb1 Be6
9.g4 b4 10.Nce2 Qa5 11.Nc1 Nbd7 12.Bh6 Rab8 13.Bxg7 Kxg7 14.g5 Nh5 15.Nge2 Nb6
16.Nb3 Bxb3 17.cxb3 e5 18.Rc1 c5 19.dxc5 dxc5 20.Qd6 c4 21.Ng3 Nf4 22.Bxc4 Nxc4
23.Rxc4 Ne6 24.h4 Rb6 25.Qe7 Ra6 26.Rd1 Qxa2+ 27.Kc2 Nd4+ 28.Rdxd4 exd4 29.Qe5+ Kg8
30.Qxd4 Qa5 31.Rc5 Qb6 32.Ne2 Rd8 33.Qc4 Ra1 34.Rc7 Qe6 35.Nf4 Qxc4+ 36.bxc4 Rf1
37.Nd5 a5  1-0

[Event "Petroff Mem Open"]
[Site "St Petersburg RUS"]
[Date "2000.02.12"]
[Round "5"]
[White "Rogovoi,M"]
[Black "Nikolaev,N"]
[Result "1/2-1/2"]
[WhiteElo "2237"]
[BlackElo "2315"]

1.e4 g6 2.d4 Bg7 3.Nc3 d6 4.Be3 a6 5.a4 Nd7 6.Nf3 e6 7.Qd2 b6 8.Be2 Bb7 9.h3 h6
10.O-O Ne7 11.Rad1 g5 12.Nh2 Ng6 13.Bh5 Nf6 14.Bxg6 fxg6 15.Qd3 O-O 16.b4 Nh5
17.g3 Qd7 18.Kg2 Rf7 19.Ng4 Raf8 20.f3 Kh7 21.Rf2 Qe7 22.Rb1 Bc8 23.Ne2 Qd7
24.Nc3 Bb7 25.Rd1 Qc8 26.Ne2 Qa8 27.Ng1 Qe8 28.b5 Qa8 29.Qb3 Qe8 30.c4 Qd7
31.c5 Bc8 32.c6 Qe7 33.Qd3 a5 34.Qa3 e5 35.d5 Bf6 36.Qc1 Rg7 37.Rdf1 Nf4+
38.gxf4 gxf4 39.Nxf6+ Qxf6 40.Bd2 Qh4 41.Kh1 Qf6 42.Rh2 g5 43.Kg2 h5 44.Kf2 Kg8
45.Ke2 g4 46.hxg4 hxg4 47.fxg4 Rxg4 48.Nf3 Qg6 49.Qc2 Rf7 50.Be1 Rg7 51.Bf2 Rg2
52.Rxg2 Qxg2 53.Nd2 Bg4+ 54.Ke1 Rh7 55.Rg1 Rh1 56.Rxh1 Qxh1+ 57.Nf1 Bh3 58.Qe2 Bxf1
59.Qg4+ Kf7 60.Qe6+ Kg7 61.Qd7+ Kg6 62.Qe8+ Kg7 63.Qe7+  1/2-1/2

[Event "Petroff Mem Open"]
[Site "St Petersburg RUS"]
[Date "2000.02.13"]
[Round "6"]
[White "Loginov,A"]
[Black "Jaghubov,E"]
[Result "1-0"]
[WhiteElo "2356"]
[BlackElo "2271"]

1.d4 g6 2.e4 Bg7 3.Nc3 d6 4.Be3 a6 5.Be2 b5 6.h4 h5 7.Nh3 Nh6 8.f3 b4 9.Nb1 c5
10.c3 bxc3 11.Nxc3 Qb6 12.Nd5 Qa5+ 13.b4 cxb4 14.Rc1 Bxh3 15.gxh3 O-O 16.Qd2 Kh7
17.Qxb4 Qxb4+ 18.Nxb4 a5 19.Nd5 Ra7 20.Kd2 e6 21.Nc3 Rd7 22.Nb5 d5 23.e5 f6
24.exf6 Bxf6 25.Bg5 Bg7 26.Nc7 e5 27.Ne6 Rf5 28.Nxg7 Kxg7 29.dxe5 Rxe5 30.Bf4 Nf7
31.Bxe5+ Nxe5 32.Rc8 Rb7 33.Rhc1 Kf6 34.f4 Ned7 35.Bd3 Rb4 36.Rb1 Rxf4 37.Rf1 Rxf1
38.Bxf1 Ke5 39.Bd3 Kd6 40.Bxg6 Nc6 41.Be8 Nde5 42.Bxc6 Nxc6 43.Rh8 Ke5 44.Rxh5+ Ke4
45.Rg5  1-0

[Event "Goodricke Open"]
[Site "Calcutta IND"]
[Date "2000.02.15"]
[Round "10"]
[White "Chandanani,G"]
[Black "Mishra,N"]
[Result "1/2-1/2"]
[WhiteElo "2153"]
[BlackElo "2316"]

1.e4 g6 2.d4 Bg7 3.Nc3 d6 4.Be3 Nd7 5.Qd2 c6 6.Nf3 Qa5 7.Bd3 Ngf6 8.h3 Rb8
9.a4 O-O 10.O-O Re8 11.Rfb1 e5 12.b4 Qc7 13.dxe5 dxe5 14.Bxa7 Ra8 15.Be3 Nh5
16.a5 Nf4 17.Bc4 Nf8 18.Bb6 Qe7 19.b5 Qf6 20.Ne1 N8e6 21.Ne2 Bh6 22.Nxf4 Nxf4
23.Qd1 Be6 24.Bxe6 Nxe6 25.bxc6 bxc6 26.Qf3 Qe7 27.Qa3 Qh4 28.Qd3 Nf4 29.Qf3 Ne6
30.Qd3 Nf4 31.Qf3 Ne6 32.Qd3 Nf4  1/2-1/2

[Event "Goodricke Open"]
[Site "Calcutta IND"]
[Date "2000.02.16"]
[Round "11"]
[White "Ganguly,S"]
[Black "Koshy,V"]
[Result "1/2-1/2"]
[WhiteElo "2440"]
[BlackElo "2346"]

1.e4 g6 2.d4 Bg7 3.Nc3 d6 4.Nf3 c6 5.Be2 Nd7 6.O-O Qc7 7.a4 Ngf6 8.h3 O-O
9.Be3 e5 10.d5 cxd5 11.exd5 Ne8 12.Nb5 Qb8 13.c4 a6 14.Nc3 h6 15.Qc2 a5 16.Nb5  1/2-1/2

[Event "8th Valle d'Aosta Open"]
[Site "Saint Vincent ITA"]
[Date "2000.02.16"]
[Round "5"]
[White "Miladinovic,I"]
[Black "Safranska,A"]
[Result "1-0"]
[WhiteElo "2538"]
[BlackElo "2367"]

1.d4 g6 2.e4 Bg7 3.Nc3 d6 4.Be3 a6 5.Qd2 b5 6.a4 b4 7.Nd1 a5 8.c3 bxc3 9.Nxc3 Ba6
10.Be2 Nf6 11.e5 Ng8 12.Nf3 Bxe2 13.Qxe2 Qd7 14.exd6 cxd6 15.Nd5 Qc6 16.Qb5 Kd8
17.Nb6 Qxb5 18.axb5 Ra7 19.d5 a4 20.Ke2 Nf6 21.Nxa4 Rb7 22.Nc3 Kd7 23.b6 Ng4
24.Ra7 Kc8 25.Rc1  1-0

[Event "Petroff Mem Open"]
[Site "St Petersburg RUS"]
[Date "2000.02.16"]
[Round "9"]
[White "Manakov,I"]
[Black "Chepukaitis,G"]
[Result "0-1"]
[WhiteElo "2279"]
[BlackElo "2393"]

1.e4 g6 2.d4 Bg7 3.Nc3 d6 4.g3 a6 5.Bg2 b5 6.Nge2 Bb7 7.O-O Nd7 8.Be3 c5
9.Qd2 Rc8 10.Nd1 cxd4 11.Bxd4 e5 12.Be3 Nc5 13.f3 Nf6 14.Nf2 d5 15.Bh3 Rc7
16.Rad1 Qe7 17.Nd3 dxe4 18.Nxc5 Rxc5 19.Bxc5 Qxc5+ 20.Kh1 O-O 21.Bg2 exf3
22.Bxf3 e4 23.Bg2 Ng4  0-1

[Event "FSIMA February"]
[Site "Budapest HUN"]
[Date "2000.02.17"]
[Round "13"]
[White "Woolridge,L"]
[Black "Parkanyi,A"]
[Result "0-1"]
[WhiteElo "2185"]
[BlackElo "2362"]

1.e4 g6 2.d4 Bg7 3.Nc3 d6 4.Be3 a6 5.Nf3 b5 6.a4 b4 7.Ne2 Bb7 8.Ng3 Nd7 9.Bc4 Ngf6
10.e5 dxe5 11.dxe5 Bxf3 12.exf6 Bxd1 13.fxg7 Rg8 14.Rxd1 Qc8 15.f4 Rxg7 16.O-O Nf6
17.b3 c5 18.Rd3 Rg8 19.Rfd1 Kf8 20.Rd8+ Qxd8 21.Rxd8+ Rxd8 22.Bxa6 Rd1+ 23.Nf1 Kg7
24.Bxc5 Rb8 25.Bd3 Nd5 26.g3 f6 27.Kf2 Rc8 28.Bd4 Nc3 29.a5 Ra8 30.Bc5 Nd5
31.a6 Rxd3 32.cxd3 Rxa6 33.Nd2 Ra2 34.Ke1 Rc2 35.d4 Kf7 36.Ke2 Ke6 37.Kd1 Ra2
38.h4 Kf5 39.Nf1 Ke4 40.Nd2+ Kd3  0-1

[Event "Masters KO"]
[Site "Cannes FRA"]
[Date "2000.02.19"]
[Round "1.1"]
[White "Fressinet,L"]
[Black "Vaisman,V"]
[Result "1-0"]
[WhiteElo "2501"]
[BlackElo "2385"]

1.e4 g6 2.d4 Bg7 3.Nc3 d6 4.Nf3 a6 5.Be2 b5 6.a4 b4 7.Nd5 a5 8.c3 e6 9.Ne3 Bb7
10.Qc2 Nf6 11.e5 Nd5 12.Ng4 h6 13.c4 Ne7 14.O-O Nd7 15.Bf4 Nf5 16.Rad1 g5
17.Bc1 dxe5 18.d5 Qe7 19.Bd3 Nd4 20.Nxd4 exd4 21.dxe6 fxe6 22.Bg6+ Kd8 23.f4 h5
24.Nf2 gxf4 25.Bxf4 e5 26.Bc1 Ra6 27.Be4 Kc8 28.Bxb7+ Kxb7 29.Qe4+ Kb8 30.Rxd4 Nc5
31.Qe2 Rg6 32.Rd5 c6 33.Rdd1 Rg8 34.Ne4 Ne6  1-0

[Event "16th open"]
[Site "Cappelle La Grande FRA"]
[Date "2000.02.19"]
[Round "1"]
[White "Beshukov,S"]
[Black "Kantsler,B"]
[Result "0-1"]
[WhiteElo "2460"]
[BlackElo "2562"]

1.e4 g6 2.d4 Bg7 3.Nc3 d6 4.Be3 a6 5.Nf3 Nd7 6.Qd2 b5 7.d5 Bb7 8.Nd4 Qc8
9.a4 b4 10.Na2 c5 11.dxc6 Bxc6 12.Nxc6 Qxc6 13.Nxb4 Qxe4 14.Nxa6 Rc8 15.c3 Ngf6
16.f3 Qa8 17.Bb5 O-O 18.O-O Ne5 19.Nb4 Nc4 20.Bxc4 Rxc4 21.a5 d5 22.Bd4 e6
23.b3 Rcc8 24.Nc2 Rfe8 25.a6 e5 26.Bf2 d4 27.c4 Re6 28.Qa5 d3 29.Ne3 e4 30.a7 exf3
31.gxf3 Nd7 32.Nd5 Bxa1 33.Rxa1 Re2 34.Qa6 d2 35.Kf1 Rce8 36.Qb5 Rxf2+ 37.Kxf2 Qxa7+
38.Rxa7 d1=Q 39.Nc3 Qd4+ 40.Kg2 Qxa7  0-1

[Event "Portuguese Masters"]
[Site "Viseu POR"]
[Date "2000.02.19"]
[Round "8"]
[White "Morais,M POR"]
[Black "Leonardo,J"]
[Result "0-1"]
[WhiteElo "2095"]
[BlackElo "2280"]

1.e4 g6 2.d4 Bg7 3.Nc3 d6 4.Nf3 c6 5.h3 Nf6 6.Be2 O-O 7.a4 Nbd7 8.O-O Qc7
9.Be3 e5 10.dxe5 dxe5 11.Qd2 Re8 12.Bc4 Nf8 13.Ng5 Ne6 14.Rfd1 Nxg5 15.Bxg5 Be6
16.Bxe6 Rxe6 17.a5 Bf8 18.Bxf6 Rxf6 19.Qd7 Rc8 20.a6 bxa6 21.Rxa6 Bc5 22.Nd5 Bxf2+
23.Kh2 cxd5 24.Qxc7 Rxc7 25.Rxf6 Bh4 26.Rd6 dxe4 27.R6d2 f5 28.Re2 Kf7 29.c3 Ke6
30.g3 Be7 31.Kg1 Bc5+ 32.Kf1 e3 33.Rd8 f4 34.gxf4 exf4 35.Kg2 g5 36.Kf3 Be7
37.Rd4 Bf6 38.Ra4 Kf5 39.Rg2 Rg7 40.Ra1 h5 41.Rag1 Rd7 42.Ra1 Rg7 43.Rag1 Rh7
44.c4 Rb7 45.c5 Rb3 46.Rc2 g4+ 47.Kg2 f3+ 48.Kh1 e2 49.c6 f2 50.Rxe2 Rxh3+
51.Kg2 fxg1=Q+ 52.Kxg1 Bd4+ 53.Kg2 Bb6 54.Re7 Rb3  0-1

[Event "Open"]
[Site "Cannes FRA"]
[Date "2000.02.20"]
[Round "1"]
[White "Julian,S"]
[Black "Vaisman,V"]
[Result "0-1"]
[WhiteElo "2120"]
[BlackElo "2385"]

1.e4 g6 2.d4 Bg7 3.Nc3 d6 4.Be3 a6 5.Bc4 e6 6.Qd2 b5 7.Bd3 Bb7 8.f3 Nd7 9.Nce2 c5
10.c3 Ngf6 11.h4 cxd4 12.cxd4 e5 13.a4 d5 14.Ng3 O-O 15.h5 dxe4 16.fxe4 exd4
17.Bxd4 Re8 18.N1e2 Ne5 19.hxg6 hxg6 20.Ra3 bxa4 21.Qf4 Nfg4 22.Bxe5 Nxe5
23.Qe3 Qa5+ 24.Kf1 Rad8 25.Rh3 Re6 26.Rc3 Rf6+ 27.Kg1 Rxd3 28.Rxd3 Qe1+  0-1

[Event "Open"]
[Site "Cannes FRA"]
[Date "2000.02.21"]
[Round "2"]
[White "Lamorelle,Y"]
[Black "Bonnafous,M"]
[Result "1/2-1/2"]
[WhiteElo "2250"]
[BlackElo "2085"]

1.e4 g6 2.d4 Bg7 3.Nc3 d6 4.h3 a6 5.g3 b5 6.Bg2 Bb7 7.Nge2 Nf6 8.a3 Nbd7
9.O-O Nb6 10.Be3 O-O 11.g4 e6 12.b3 Rc8 13.Ng3 Nfd7 14.Qd2 c5 15.Nce2 Qc7
16.c3 cxd4 17.Bxd4 e5 18.Be3 Nc5 19.Rab1 Rfd8 20.Bh6 d5 21.Bxg7 Kxg7 22.exd5 Nxd5
23.Qb2 Nd3 24.Qc2 N5f4 25.Bxb7 Qxb7 26.Nxf4 Nxf4 27.Qe4 Qxe4 28.Nxe4 f5 29.gxf5 gxf5
30.Ng3 Kf6 31.c4 bxc4 32.bxc4 Rxc4 33.Rb6+ Kg5 34.Kh2  1/2-1/2

[Event "16th open"]
[Site "Cappelle La Grande FRA"]
[Date "2000.02.21"]
[Round "4"]
[White "Oral,T"]
[Black "McNab,C"]
[Result "1-0"]
[WhiteElo "2540"]
[BlackElo "2424"]

1.e4 g6 2.d4 d6 3.Nc3 Bg7 4.Be3 Nf6 5.h3 c6 6.a4 Nbd7 7.Nf3 Qc7 8.a5 O-O
9.Be2 Rb8 10.O-O b5 11.axb6 axb6 12.d5 Nc5 13.Nd4 Bd7 14.Bf3 cxd5 15.exd5 b5
16.b4 Na4 17.Ncxb5 Rxb5 18.Rxa4 Rxd5 19.Ra3 Re5 20.Bf4 Rd8 21.Qa1 Rd5 22.Ra7 Qb8
23.Be3 e5 24.Bxd5 Nxd5 25.Bg5 f6 26.Qa2 Kh8 27.Rxd7 Rxd7 28.Qxd5 exd4 29.Bf4 h5
30.Ra1 Ra7 31.Rxa7 Qxa7 32.b5 Qa1+ 33.Kh2 Qa4 34.b6 d3 35.Qxd6 dxc2 36.b7  1-0

[Event "It"]
[Site "Harkany HUN"]
[Date "2000.02.23"]
[Round "6"]
[White "Molnar,Be"]
[Black "Nanu,C"]
[Result "1-0"]
[WhiteElo "2318"]
[BlackElo "2380"]

1.e4 g6 2.d4 Bg7 3.Nc3 d6 4.Nf3 Nf6 5.Be3 c6 6.Qd2 b5 7.Bd3 Ng4 8.Bg5 h6
9.Bh4 b4 10.Ne2 c5 11.h3 Nf6 12.dxc5 dxc5 13.e5 Nd5 14.Be4 Nb6 15.Qxd8+ Kxd8
16.a3 bxa3 17.Rxa3 Na6 18.Bxa8 Nxa8 19.O-O g5 20.Bg3 e6 21.Nd2 N8c7 22.Nc4 Nb5
23.Ra5 Nac7 24.f4 gxf4 25.Rxf4 Rf8 26.Bf2 f5 27.exf6 Rxf6 28.Bh4  1-0

[Event "It"]
[Site "Harkany HUN"]
[Date "2000.02.24"]
[Round "7"]
[White "Amrein,R"]
[Black "Belotelov,D"]
[Result "1/2-1/2"]
[WhiteElo "2297"]
[BlackElo "2280"]

1.e4 g6 2.d4 Bg7 3.Nc3 d6 4.Nf3 Nf6 5.Be2 O-O 6.O-O e6 7.Be3 h6 8.h3 Nc6
9.Qd2 Kh7 10.Rad1 Ne7 11.Rfe1 b6 12.e5 dxe5 13.dxe5 Qxd2 14.Rxd2 Nfd5 15.Nxd5 Nxd5  1/2-1/2

[Event "Open"]
[Site "Cannes FRA"]
[Date "2000.02.25"]
[Round "6"]
[White "Basso,F"]
[Black "Trommsdorf,F"]
[Result "1-0"]
[WhiteElo "2082"]
[BlackElo "2215"]

1.e4 d6 2.d4 g6 3.Nc3 Bg7 4.Bg5 c5 5.d5 Nf6 6.Qd2 O-O 7.Bc4 Re8 8.f3 Nfd7
9.Nh3 Ne5 10.Be2 a6 11.a4 Qa5 12.O-O Qb4 13.a5 Nc4 14.Bxc4 Qxc4 15.Na4 Qd4+
16.Nf2 Qxd2 17.Bxd2 Nd7 18.Rab1 b5 19.axb6 a5 20.b3 Bb7 21.Nd3 Ba6 22.c4 Reb8
23.Rfc1 Bc8 24.Bc3 Bxc3 25.Rxc3 Nxb6 26.Nxb6 Rxb6 27.Ra1 Bd7 28.Nb2 Kg7 29.Kf2 f5
30.e5 f4 31.e6 Be8 32.h4 h6 33.g3 fxg3+ 34.Kxg3 g5 35.hxg5 hxg5 36.Kg4 Kf6
37.f4 gxf4 38.Rf1 Bg6 39.Rxf4+ Kg7 40.Rh3 Rf8 41.Na4 Rxf4+ 42.Kxf4 Rb8 43.Rc3 Bb1
44.Rg3+ Bg6 45.Rc3 Kf6 46.Ke3 Rh8 47.Kd2 Rh2+ 48.Kc1 Rg2 49.Re3 Kf5 50.Rd3 Ke4
51.Rd2 Rg3 52.Kb2 Ke3 53.Rh2 Rg1 54.Nb6 Bf5 55.Nc8 Rg7 56.Kc3 Be4 57.Na7 Rg1
58.Nc6 Ra1 59.Nxe7 a4 60.bxa4 Ra3+ 61.Kb2 Rxa4 62.Kb3 Ra8 63.Nc6 Bg6 64.Rh6 Rg8
65.Ne7 Rb8+ 66.Kc3 Bb1 67.Nc6 Rg8 68.e7  1-0

[Event "Open"]
[Site "Cannes FRA"]
[Date "2000.02.25"]
[Round "6"]
[White "Djingarova,E"]
[Black "Gachon,L"]
[Result "1-0"]
[WhiteElo "2168"]
[BlackElo "2265"]

1.e4 g6 2.d4 Bg7 3.Nc3 d6 4.g3 e6 5.Bg2 Ne7 6.Nge2 Nd7 7.Be3 c6 8.a4 d5 9.O-O b6
10.Qd2 h6 11.exd5 cxd5 12.Nb5 Ba6 13.Nd6+ Kf8 14.Rfe1 Bxe2 15.Rxe2 Nf6 16.Nb5 a6
17.Nc3 Nf5 18.Nd1 Rc8 19.c3 Nd6 20.Bf4 Nc4 21.Qd3 Nh5 22.Bc1 a5 23.b3 Nd6
24.Ba3 Kg8 25.f3 Kh7 26.Nf2 Nf5 27.Bb2 Qd6 28.f4 Nf6 29.Bh3 Ne7 30.Rae1 Rc7
31.Bg2 Rhc8 32.h4 Nf5 33.Bh3 Kg8 34.Kh1 h5 35.Rg1 Nh6 36.Qf3 Nf5 37.g4 hxg4
38.Bxg4 Nxh4 39.Qh3 Nf5 40.Nd3 Ne4 41.Rh2 Nxc3 42.Bxf5 exf5 43.Ne5 b5 44.Qh7+ Kf8
45.Rhg2 Qf6 46.Bxc3 Rxc3 47.Nd7+ Ke7 48.Nxf6 Bxf6 49.Re1+ Kd6 50.Qxf7  1-0

[Event "Open"]
[Site "Cannes FRA"]
[Date "2000.02.27"]
[Round "8"]
[White "Jean,O"]
[Black "Plane,B"]
[Result "1-0"]
[WhiteElo "2241"]
[BlackElo "2122"]

1.d4 g6 2.e4 Bg7 3.Nc3 d6 4.g3 Nd7 5.Bg2 e5 6.Nf3 Ngf6 7.O-O O-O 8.h3 Re8
9.Re1 c6 10.a4 a5 11.Be3 Qe7 12.Nd2 Nf8 13.d5 Rd8 14.Nc4 cxd5 15.Nxd5 Nxd5
16.exd5 Nd7 17.Qd2 Nc5 18.Nxa5 Qc7 19.b4 Nxa4 20.Rxa4 b6 21.Rea1 bxa5 22.bxa5 Bd7
23.Bb6 Qb7 24.Rb4 Rdc8 25.Bf1 Bf5 26.c4 h5 27.Be3 Qd7 28.Kh2 Kh7 29.a6 Qe8
30.Rb7 Bf6 31.c5 dxc5 32.Bb5 Qf8 33.Rc1 Be7 34.f3 Rd8 35.Qa2 Kg8 36.a7 Bd6
37.Bc6 e4 38.f4 h4 39.g4 Qh6 40.Rf1 g5 41.gxf5 gxf4 42.Bc1 Qg7 43.Rg1 f3+
44.Kh1 Bg3 45.Be3 Qe5 46.Qf2 Rf8 47.Bc1 c4 48.Qe1 c3 49.f6 Kh8 50.Qe3 Qxf6
51.Qxe4 f2 52.Rf1 Rg8 53.Be3 Rae8 54.Bxe8 Qa6 55.Bd4+ f6 56.Qh7+  1-0

[Event "NED-chT"]
[Site "Hengelo NED"]
[Date "2000.02.27"]
[Round "4"]
[White "Glek,I"]
[Black "Nijboer,F"]
[Result "1/2-1/2"]
[WhiteElo "2554"]
[BlackElo "2540"]

1.e4 d6 2.d4 g6 3.Nc3 Bg7 4.f4 Nc6 5.Be3 Nf6 6.Nf3 O-O 7.h3 e6 8.g4 Ne7 9.Bd3 b6
10.O-O c5 11.Qe2 Bb7 12.Bf2 cxd4 13.Nxd4 a6 14.Rae1 Qc7 15.Nf3 b5 16.a3 Nd7
17.Kh2 Nc6 18.Bg3 b4 19.axb4 Nxb4 20.Rd1 Nc5 21.Qd2 Nbxd3 22.cxd3 f5 23.gxf5 exf5
24.exf5 Rxf5 25.Rde1 Qd7 26.d4 Ne6 27.Nh4 Nxd4 28.Nxf5 Qxf5 29.Re3 Qh5 30.Qd1 Qxd1
31.Rxd1 Rb8 32.Bf2 Bc6 33.Rd2 Nf3+ 34.Rxf3 Bxf3 35.Kg3 Bh1 36.Rxd6 Bf8 37.Rxa6 Rxb2
38.Ra1 Rb3 39.Rxh1 Rxc3+ 40.Kg2 Bd6 41.Bg3 Kf7 42.Rd1 Bc5 43.Rd7+ Kg8 44.Bh4 Bf8
45.Bf6 Rc6 46.Be5 Re6 47.Kf3 Re7 48.Rd8 Kf7 49.Bd6  1/2-1/2

[Event "3rd Open"]
[Site "Malaga ESP"]
[Date "2000.02.27"]
[Round "3"]
[White "Baron Rodriguez,Je"]
[Black "Arencibia,W"]
[Result "1/2-1/2"]
[WhiteElo "2392"]
[BlackElo "2529"]

1.e4 g6 2.d4 Bg7 3.Nc3 d6 4.f4 Nf6 5.Nf3 O-O 6.Bd3 Na6 7.O-O c5 8.d5 Rb8
9.a3 Qa5 10.Kh1 b5 11.Be3 Ng4 12.Bg1 Bxc3 13.bxc3 Qxc3 14.a4 Nb4 15.axb5 Nxd3
16.cxd3 Rxb5 17.Rxa7 Rb7 18.Ra8 Nf6 19.f5 gxf5 20.Nh4 Bd7 21.Rxf8+ Kxf8 22.Nxf5 Bxf5
23.Rxf5 Rd7 24.Rf1 Ra7 25.Be3 Qb2 26.Qf3 Ra1 27.h3 Rxf1+ 28.Qxf1 c4 29.Qf5 Qa1+
30.Kh2 Qe5+ 31.Qxe5 dxe5 32.dxc4 Nxe4 33.g4 Ke8 34.Kg2 Nd6 35.c5 Nb5 36.Kf3 Nc3
37.Bd2 Nxd5 38.Ke4 e6 39.Kxe5 Kd7 40.g5 Kc6 41.h4  1/2-1/2

[Event "3rd Open"]
[Site "Malaga ESP"]
[Date "2000.03.04"]
[Round "9"]
[White "Stefanova,A"]
[Black "Baches Garcia,G"]
[Result "1-0"]
[WhiteElo "2495"]
[BlackElo "2358"]

1.d4 d6 2.e4 g6 3.Nc3 Bg7 4.h3 a6 5.Nf3 Nc6 6.Bg5 h6 7.Be3 e5 8.dxe5 dxe5
9.Qxd8+ Nxd8 10.Nd5 Ne6 11.Bc4 Nf6 12.Nxf6+ Bxf6 13.O-O-O Bd7 14.Bd5 O-O-O
15.Rd3 Bb5 16.Bxe6+ fxe6 17.Rxd8+ Kxd8 18.Re1 g5 19.Bd2 Rf8 20.b3 Bc6 21.Re2 Bh8
22.Ne1 Rg8 23.Nd3 Kc8 24.a4 Rd8 25.f3 Bd7  1-0

[Event "Oz.com qualifier blitz"]
[Site "Internet ICC"]
[Date "2000.03.05"]
[Round "2"]
[White "Langer,M"]
[Black "Bogdanov,D"]
[Result "1-0"]
[WhiteElo "2259"]
[BlackElo "2108"]

1.e4 g6 2.d4 Bg7 3.Nc3 d6 4.Be3 c6 5.Qd2 Nd7 6.O-O-O b5 7.Bd3 Qa5 8.Kb1 Nb6
9.Nf3 Nc4 10.Bxc4 bxc4 11.e5 d5 12.Nh4 Rb8 13.Ka1 Qb4 14.Rb1 Be6 15.f4 h5
16.h3 Nh6 17.Rhg1 Nf5 18.Nxf5 gxf5 19.Qf2 a5 20.Qh4 a4 21.a3 Qa5 22.Qg5 Kd7
23.Bd2 Qa6 24.Ne2 Rbg8 25.Qh4 Qa7 26.Bb4 f6 27.Bc5 Qa5 28.Ng3 Qd2 29.Nxh5 Qxc2
30.Rbc1 Qb3 31.g4 Rb8 32.Qf2 Bh6 33.Rc3 Qb5 34.exf6 fxg4 35.hxg4 Rhg8 36.g5 Bf8
37.f5 Bf7 38.g6 exf6 39.Bxf8 Rgxf8 40.gxf7 Rxf7 41.Re1 Rh8 42.Qe2 Rhh7 43.Qe6+ Kc7
44.Nxf6 Re7 45.Qxe7+ Rxe7 46.Rxe7+ Kb6 47.Nd7+ Ka5 48.Nc5 Qb8 49.f6 Qf4 50.f7 Qf6
51.Ra7+ Kb5 52.Rb7+ Ka5 53.Ne6 Qxe6 54.f8=Q Qe1+ 55.Ka2 Qa1+ 56.Kxa1  1-0

[Event "33rd 8th March Women's It"]
[Site "Belgrade YUG"]
[Date "2000.03.08"]
[Round "6"]
[White "Velcheva,M"]
[Black "Skripchenko,A"]
[Result "0-1"]
[WhiteElo "2364"]
[BlackElo "2444"]

1.e4 g6 2.d4 Bg7 3.Nc3 d6 4.Be3 c6 5.a4 Nd7 6.Nf3 Ngf6 7.h3 e5 8.dxe5 dxe5
9.Bc4 O-O 10.O-O Qe7 11.Qd2 Nb6 12.Bb3 Be6 13.Bxe6 Qxe6 14.b3 Rfd8 15.Qe2 Nh5
16.Rfd1 Nf4 17.Qf1 Qf6 18.Kh2 Bf8 19.Rxd8 Rxd8 20.Rd1 Re8 21.Ne2 Ne6 22.Rd2 Bb4
23.c3 Bc5 24.Bxc5 Nxc5 25.Qb1 a5 26.Qc2 Qe6 27.c4 Nbd7 28.Nc3 Nf6 29.Qb1 Qe7
30.g3 Qc7 31.Kg2 Kg7 32.Kh2 h6 33.Ne1 Qb6 34.Rb2 Rd8 35.Qc2 Rd6 36.Kg2 Nfd7
37.Rb1 f6 38.h4 h5 39.Rb2 Ne6 40.Ne2 Ndc5 41.f3 Qd8 42.Kf1 Rd1 43.Rb1 Rxb1
44.Qxb1 Qb6 45.Nc1 Nd4 46.Qb2 Ndxb3 47.Ned3 Qd8 48.Nxc5 Qd1+ 49.Kg2 Nxc5
50.Qb6 Qd2+  0-1

[Event "Bundesliga 1999-2000"]
[Site "Magdeburg GER"]
[Date "2000.03.12"]
[Round "12"]
[White "Kummerow,H"]
[Black "Rudolf,Hen"]
[Result "1/2-1/2"]
[WhiteElo "2326"]
[BlackElo "2308"]

1.e4 g6 2.d4 Bg7 3.Nc3 d6 4.f4 Nf6 5.Nf3 c5 6.Bb5+ Bd7 7.e5 Ng4 8.e6 Bxb5
9.exf7+ Kd7 10.Nxb5 Qa5+ 11.Nc3 h5 12.h3 cxd4 13.Nxd4 Nc6 14.Ne2 Nh6 15.Be3 Nf5
16.Bf2 Rac8 17.O-O Nd8 18.Qd3 Ne6 19.Rad1 Qa6 20.Qf3 Rc4 21.Rfe1 Qc6 22.Nd5 Nc7
23.c3 Nxd5 24.Rxd5  1/2-1/2

[Event "NED-chT"]
[Site "Leeuwarden NED"]
[Date "2000.03.19"]
[Round "6"]
[White "Wemmers,X"]
[Black "Piket,M"]
[Result "1/2-1/2"]
[WhiteElo "2350"]
[BlackElo "2345"]

1.e4 g6 2.d4 Bg7 3.Nc3 d6 4.f4 Nf6 5.Bd3 O-O 6.Nf3 Na6 7.O-O c5 8.d5 Nc7
9.a4 a6 10.Qe2 Bd7 11.a5 Nb5 12.Bd2 Nxc3 13.Bxc3 Re8 14.Bc4 Bb5 15.f5 Bxc4
16.Qxc4 b5 17.axb6 Qxb6 18.e5 dxe5 19.Nxe5 Qb5 20.fxg6 fxg6 21.d6+ Qxc4 22.Nxc4 Nd7
23.Bxg7 Kxg7 24.dxe7 Rxe7 25.Rfd1 Ne5 26.Re1 Rae8 27.Nxe5 Rxe5 28.Rxe5 Rxe5
29.Ra5 Re1+ 30.Kf2 Rb1 31.b3 c4 32.bxc4 Rb2 33.c5 Rxc2+ 34.Kf3 Kf7 35.h4 Rc4
36.g3 Ke7 37.Rxa6 Rxc5 38.Ra7+ Ke6 39.Rxh7 Kf5 40.Rg7 Rc3+ 41.Kf2 Kf6 42.Rg8 Kf7
43.Ra8 g5 44.h5 g4 45.Ra7+ Kf6 46.h6 Rf3+ 47.Kg2 Kg6 48.Rg7+ Kxh6 49.Rxg4 Rf6
50.Ra4 Kg5 51.Ra8 Rb6 52.Rh8 Rb3 53.Kh3 Rb4 54.Rg8+ Kh6 55.Ra8 Kg5 56.Ra5+ Kg6
57.Rc5 Ra4 58.g4 Ra3+ 59.Kh4 Ra6 60.Rc8 Rb6 61.Rg8+ Kh7 62.Rg5 Kh6 63.Rc5 Kg6
64.Rd5  1/2-1/2

[Event "Extraliga CZE"]
[Site "Ostrava CZE"]
[Date "2000.03.19"]
[Round "11"]
[White "Kuczynski,R"]
[Black "Nedela,V"]
[Result "1/2-1/2"]
[WhiteElo "2450"]
[BlackElo "2405"]

1.e4 g6 2.d4 Bg7 3.Nc3 d6 4.Nf3 Nd7 5.Be2 e6 6.O-O Ne7 7.Be3 h6 8.Nd2 O-O
9.f4 f5 10.e5 c5 11.Nf3 cxd4 12.Nxd4 Nb6 13.exd6 Ned5 14.Nxd5 Nxd5 15.Qd2 Nxe3
16.Qxe3 Qb6 17.c3 Bd7 18.Bc4 Rae8 19.Rfe1 Kh8 20.Nf3 Qxd6 21.Ne5 Bxe5 22.fxe5 Qb6
23.Qxb6 axb6 24.Rad1 Re7 25.Rd6 b5 26.Bb3 Rfe8 27.Red1 Bc6 28.R1d4 Kg7 29.Rd8 Rxd8
30.Rxd8 Rd7 31.Rxd7+ Bxd7 32.g3 Kf7 33.Kf2 Bc6 34.Ke3 Bd5 35.Bc2 g5 36.a3 b6
37.Bd3 Bc6 38.Be2 Kg6 39.Bd1 Bd5 40.Be2 Bc6 41.c4 bxc4 42.Bxc4 Kf7 43.Bb3 Ke7
44.Bc2 Kd7 45.a4 Bd5 46.b4 Kc6 47.Kd4 Ba2 48.Bd1 Bd5 49.Be2 Kb7 50.Bd3 Bb3
51.Bb5 Bd5 52.Be2 Ka7 53.Bd3 Bb3 54.Bb5 Kb7 55.a5 Bd5 56.Bd3 Bb3 57.Bf1 Bd5
58.Be2 Ka7 59.Bd3 Ba2 60.Bb5 Bd5 61.Be2 Kb7 62.Bd3  1/2-1/2

[Event "Ciocaltea Mem"]
[Site "Bucharest ROM"]
[Date "2000.03.20"]
[Round "7"]
[White "Moldovan,D"]
[Black "Marin,M"]
[Result "1/2-1/2"]
[WhiteElo "2434"]
[BlackElo "2555"]

1.e4 d6 2.d4 g6 3.Nc3 Bg7 4.Nf3 Nf6 5.Be2 O-O 6.O-O c6 7.a4 Nbd7 8.e5 dxe5
9.dxe5 Nd5 10.Nxd5 cxd5 11.Qxd5 Nxe5 12.Qxd8 Rxd8 13.Nxe5 Bxe5 14.c3  1/2-1/2